000 00691nam a2200229 i 4500
001 81558
003 ES-MaACL
005 20230906174449.0
007 t|
008 041105s1974 fr |||| | fre d
100 1 _aHusserl, Edmund.
_964818
245 1 2 _aL'origine de la géométrie /
_cEdmund Husserl ; traduction et introduction par Jacques Derrida.
250 _a[2eme ed. rev.].
260 _aParis :
_bPresses Universitaires de France,
_c1974.
300 _a219 p. ;
_c18 cm.
490 1 _aEpiméthée
650 4 _aGeometría-
_xHistoria.
_9143639
700 1 _aDerrida, Jacques.
_943797
830 0 _aEpiméthée
_9179541
852 _aES-MaACL
_jL-11502
999 _c81558
_d81558